| 000 | 01820nam a2200265Ia 4500 | ||
|---|---|---|---|
| 003 | Ost | ||
| 005 | 20260507074941.0 | ||
| 008 | 260507s9999||||xx |||||||||||||| ||und|| | ||
| 020 | _a9503079957 | ||
| 040 | _cfsecg | ||
| 041 | _aara | ||
| 082 | _a330 | ||
| 100 |
_aالمغربي، كامل محمد _eمؤلف |
||
| 245 | 0 |
_aالإدارة : _bاصالة المبادئ و الاسس و وظائف المنشأة مع حداثة و تحديات القرن الحادي و العشرين / _c كامل محمد المغربي |
|
| 250 | _aطبعة 1 | ||
| 260 |
_aعمان: _bدار الفكر, _c2007 |
||
| 300 |
_a560 صفحة؛ _c24 سم |
||
| 504 | _aبيبليوغرافيا ص.539 | ||
| 520 | _aجاء هذا الكتاب مقسم كما يلي الباب الاول : الادارة طبيعتها ومفاهيميها الفصل الاول : طبيعة الادارة واهميتيها الفصل الثاني : الادارة والعلوم الاخرى الفصل الثالث: مفاهيم واصطلاحات اساسية في الادارة الفصل الرابع : تطور الفكر الاداري الباب الثاني :الوظائف الادارية الفصل الاول : التخطيط الفصل الثاني : التتنظيم الفصل الثالث: القيادة الفصل الرابع: الرقابة الباب الثالث: وظائف المنشاة الفصل الاول : ادارة الانتاج الفصل الثاني : ادارة التسويق الفصل الثالث: ادارة الافراد الفصل الرابع: الادارة المالية الفصل الخامس: قضايا وتحديات معاصر | ||
| 653 | _aادارة | ||
| 653 | _aالتخطيط | ||
| 653 | _aالتنظيم | ||
| 653 | _aالتوجيه | ||
| 942 | _cكتاب | ||
| 999 |
_c41934 _d41934 |
||